000 00547nam a2200205 i 4500
001 bg
100 1 _aNiezgodziński, Tadeusz.
245 1 0 _aMechanika ogólna /
_cTadeusz Niezgodziński.
260 _aWarszawa :
_bWydawnictwo Naukowe PWN,
_c1999.
300 _a263, [1] s. :
_brys., wykr. ;
_c24 cm.
650 9 _aMechanika
655 _aPodręczniki akademickie
020 _a8301127309
040 _cBPK
041 0 _apl
080 _a531(075.8)
920 _a83-01-12730-9
942 _cKS
008 s pl f |000 0 pol
999 _c36678
_d36678
856 _uhttp://koha.tu.koszalin.pl/cgi-bin/koha/opac-detail.pl?biblionumber=36678
_yKatalog online BPK